LEADER 01125cam0 22003131 450 001 SOBE00026329 005 20120620084038.0 100 $a20120620d1986 |||||ita|0103 ba 101 $aita 102 $aIT 200 1 $a<>Germania$aLa vita di Agricola$aDialogo sull'eloquenza$fCornelio Tacito$gprefazione, testo latino e traduzione di Anna Resta Barrile 210 $aBologna$cZanichelli$d1986 215 $aXXXII, 261 p.$d20 cm 225 2 $aProsatori di Roma 300 $aTesto orig. a fronte 410 1$1001SOBE00025985$12001 $a*Prosatori di Roma 700 1$aTacitus$b, Publius Cornelius$3AF00004169$4070$05717 702 1$aResta Barrile, Anna$3SOBA00004154$4070 801 0$aIT$bUNISOB$c20120620$gRICA 850 $aUNISOB 852 $aUNISOB$j870|Coll|11|k$m49802 912 $aSOBE00026329 940 $aM 102 Monografia moderna SBN 941 $aM 957 $a870|Coll|11|k$b000017$gSI$d49802$racquisto$tN$1cutolo$2UNISOB$3UNISOB$420120620083913.0$520120620083952.0$6cutolo 996 $aGermania$913322 996 $aDialogo sull'eloquenza$970157 996 $aAgricola$913321 997 $aUNISOB LEADER 01236nam0 22003133i 450 001 NAP0466624 005 20220128072158.0 010 $a8870753549 100 $a20090703d1993 ||||0itac50 ba 101 | $aita 102 $ait 181 1$6z01$ai $bxxxe 182 1$6z01$an 200 1 $aTeoria e tecnica della indicizzazione per soggetto$fBenedetto Aschero. Nuova ed. riv. e ampliata 210 $aMilano$cBibliografica$d[1993] 215 $a207 p.$d21 cm. 225 | $aBibliografia e biblioteconomia$v30 410 0$1001CFI0023356$12001 $aBibliografia e biblioteconomia$v30 606 $aCatalogazione a soggetto$2FIR$3NAPC007792$9I 676 $a025.4$9Analisi e controllo per soggetto$v14 676 $a025.47$9Analisi e controllo per soggetto. Catalogazione per soggetto$v22 700 1$aAschero$b, Benedetto$3CFIV007197$4070$09008 801 3$aIT$bIT-NA0079$c20090703 850 $aIT-BN0095 912 $aNAP0466624 950 0$aBiblioteca Centralizzata di Ateneo$c1 v.$d 01SALA DING 025.4 ASC.te$e 0102 0000073865 N 1 v.$f3 $h20090703$i20090703 977 $a 01 996 $aTeoria e tecnica della indicizzazione per soggetto$9103899 997 $aUNISANNIO